000 00718nam a22001817a 4500
008 090709t xxu||||| |||| 00| 0 eng d
020 _a9780194368957 (CD-ROM)
082 _222
_a428.24
_bOXE
100 _aOxenden, Clive
_97943
245 _aEnglish File 1 :
_cClive Oxenden, Paul Seligson
_bClass audio CDs /
260 _aOxford:
_bOxford University Press,
_cc2000.
300 _a4 CD-ROM :
_c4 3/4 in. +
_e1 booklet (2 p. : 18 cm.)
650 _95501
_aEnglish language
_xGrammar.
650 _93027
_aEnglish language
_vTextbooks for foreign speakers
650 _934
_aEnglish language
_xStudy and teaching
_xForeign speakers
_vTextbooks for foreign speakers.
700 1 _aSeligson, Paul
_97944
942 _2ddc
_cBB
999 _c12328
_d12328